Statystyki dla Państwa w Afryce z największą liczbą użytkowników internetu

Kliknij tutaj aby rozwiązać quiz!

Ogólne statystyki

  • Ten quiz został rozwiązany 76 razy
  • Średni wynik to 8 z 10

Statystyki odpowiedzi

UżytkownicyPaństwo% Poprawnych
28 580 000Republika Południowej
Afryki
100%
34 800 000Egipt
98%
18 580 000Algieria
94%
98 391 000Nigeria
94%
20 207 000Maroko
92%
10 886 000Sudan
85%
39 664 000Kenia
82%
11 538 000Etiopia
79%
7 958 000Ghana
55%
11 924 000Uganda
53%

Rozkład punktacji

Percentyl według liczby udzielonych odpowiedzi

Procent ludzi z każdym wynikiem

Twoja historia wyników

Nie rozwiązałeś tego quizu